000 00265nam a2200109Ia 4500
008 220204s9999 xx 000 0 und d
082 _a82-3
_bBLY
100 _aBlyton, Enid
245 0 _aSecond form at Malory towers
260 _aLondon
_bGranada
_c1983
942 _cBK
999 _c37665
_d37665